Taxation and Valuation of Technology Theory, Practice, and the Law /

Detalles Bibliográficos
Autor principal: Chodikoff, David W.
Otros Autores: Horvath, James L.
Formato: eBook
Lenguaje:inglés
Publicado: Toronto: Irwin Law Inc., 2008
Materias:
Acceso en línea:Acceso restringido

MARC

LEADER 00000nam a22000007a 4500
005 20210902124831.0
007 cr|||| |||
008 210902s2008 ca |||||s|||| 00||0 eng d
020 |a 9781459336261 
035 |a 35346 
040 |a vLex 
090 |c 12206  |d 12206 
100 1 |a Chodikoff, David W. 
245 1 0 |a Taxation and Valuation of Technology  |h [Recurso electrn̤ico] :  |b Theory, Practice, and the Law /  |c David W. Chodikoff, James L. Horvath 
256 |a Servicio en ln̕ea 
260 |a Toronto:  |b Irwin Law Inc.,  |c 2008 
300 |a 1 recurso electrn̤ico 
500 |a Taxation and Valuation of Technology: Theory, Practice, and the Law, edited by James L. Horvath and David W. Chodikoff, is a comprehensive and authoritative examination of practical, technical, and legal aspects of business valuation and taxation in the dynamic technology sector. The book features contributions by distinguished judges, leading academics, and international experts in business valuation and tax law. 
506 1 |a Disponible solo en los productos indicados  |d vLex Global  |d vLex Global (Academic Edition, excluding Law Schools)  |d vLex Global (U.S. Academic Edition, Law Schools)  |d vLex Global (U.S. Academic Edition, excluding Law Schools)  |d vLex Global (Academic Edition, Law Schools) 
650 0 4 |a Derecho Fiscal  |z Canad̀ 
700 1 |a Horvath, James L. 
740 0 |a vLex Libros (Servicio en ln̕ea) 
856 4 0 |u https://app.vlex.com/#/sources/35346  |z Acceso restringido 
942 |c BOOK 
999 0 |a Tax Law